[Event "Int. Stuttgarter Stadtmeisterschaft C"]
[Site "Ditzingen"]
[Date "2014.05.31"]
[Round "7.3"]
[White "Paulsen, Jonathan"]
[Black "Yi, Danny"]
[Result "1/2-1/2"]
[WhiteElo "1250"]
[BlackElo "1405"]
[PlyCount "82"]
[EventDate "2014.??.??"]
[WhiteTeam "SC Stetten a.d.F."]
[BlackTeam "SF 59 Kornwestheim"]

1. e4 e5 2. Nf3 Nc6 3. Bc4 Bc5 4. O-O Nf6 5. d4 exd4 6. e5 Ng4 7. Bf4 d5 8.
exd6 Bxd6 9. Re1+ Be7 10. Na3 O-O 11. Nb5 Bb4 12. Re2 Ba5 13. Nbxd4 Nxd4 14.
Nxd4 Bb6 15. Nf3 Qxd1+ 16. Rxd1 Bf5 17. Bb3 Rfe8 18. Rde1 Rxe2 19. Rxe2 Rd8 20.
c3 Be6 21. c4 a5 22. h3 a4 23. hxg4 axb3 24. axb3 Bxg4 25. Rd2 Rxd2 26. Nxd2 f6
27. b4 c5 28. b5 Be6 29. f3 Kf7 30. Ne4 Ke7 31. Bd6+ Ke8 32. Bxc5 Bxc5+ 33.
Nxc5 Bxc4 34. Nxb7 Kd7 35. Nc5+ Kc7 36. Ne4 Bxb5 37. Nc3 Bc4 38. Kf2 Kd6 39.
Ke3 g5 40. Ke4 Be6 41. g4 Bd7 1/2-1/2

[Event "Int. Stuttgarter Stadtmeisterschaft C"]
[Site "Ditzingen"]
[Date "2014.05.31"]
[Round "7.4"]
[White "Thomas, Leonhard"]
[Black "Hilger, Herbert"]
[Result "1/2-1/2"]
[WhiteElo "1340"]
[BlackElo "1080"]
[PlyCount "37"]
[EventDate "2014.??.??"]
[WhiteTeam "SV Fellbach"]
[BlackTeam "SV Stuttgart-Wolfbusch 1956 e.V."]

1. e4 e5 2. Nf3 Nc6 3. Bb5 d6 4. Bxc6+ bxc6 5. d3 Nf6 6. h3 Be7 7. O-O O-O 8.
Bg5 h6 9. Bxf6 Bxf6 10. Nc3 Rb8 11. Rb1 Ba6 12. Ne2 c5 13. b3 Qd7 14. Ng3 Bc8
15. a4 Qd8 16. Rc1 Be6 17. Qe2 Bg5 18. Nxg5 Qxg5 19. Qe3 1/2-1/2

[Event "Int. Stuttgarter Stadtmeisterschaft C"]
[Site "Ditzingen"]
[Date "2014.05.31"]
[Round "7.5"]
[White "Dendic, Amar"]
[Black "Mijic, Marcel"]
[Result "1-0"]
[WhiteElo "1281"]
[BlackElo "1198"]
[PlyCount "73"]
[EventDate "2014.??.??"]
[WhiteTeam "Stuttgarter SF 1879"]
[BlackTeam "SF Birkenfeld"]

1. e4 c5 2. Nf3 Nc6 3. d4 cxd4 4. Nxd4 g6 5. Nc3 Bg7 6. Be3 Nf6 7. f3 O-O 8.
Qd2 d5 9. O-O-O dxe4 10. fxe4 Bd7 11. Kb1 Ng4 12. Bg1 Nxd4 13. Bxd4 Bxd4 14.
Qxd4 Bc6 15. Qg1 Qa5 16. Be2 Nf6 17. Bf3 Rfd8 18. Qe3 Qe5 19. Rde1 Rd4 20. g4
Nd7 21. h4 f6 22. g5 Rf8 23. Bg2 Kg7 24. h5 fxg5 25. hxg6 Kxg6 26. Qh3 Nf6 27.
Qh6+ Kf7 28. Ref1 Ke6 29. Qxf8 Nxe4 30. Bh3+ Kd6 31. Qd8+ Kc5 32. Qa5+ b5 33.
Rf5 Qxf5 34. Bxf5 Nd2+ 35. Kc1 Nc4 36. Qxa7+ Kb4 37. a3+ 1-0

[Event "Int. Stuttgarter Stadtmeisterschaft C"]
[Site "Ditzingen"]
[Date "2014.05.31"]
[Round "7.6"]
[White "Sandmeyer, Alexander"]
[Black "J�ttner, Mark"]
[Result "0-1"]
[WhiteElo "1257"]
[BlackElo "1267"]
[PlyCount "55"]
[EventDate "2014.??.??"]
[WhiteTeam "Stuttgarter SF 1879"]
[BlackTeam "SpVgg Rommelshausen"]

1. c4 f5 2. Nc3 Nf6 3. Nf3 e6 4. g3 b6 5. Bg2 Bb7 6. O-O Bb4 7. a3 Bxc3 8. bxc3
h6 9. d4 d6 10. Bf4 g5 11. Bd2 f4 12. Qc2 Kd7 13. Ne1 Bxg2 14. Kxg2 Qg8 15. Nd3
Qh7 16. Qa4+ Kd8 17. Nb4 Qe4+ 18. Kg1 f3 19. e3 a5 20. Nc2 Rf8 21. Ne1 h5 22.
Qc2 h4 23. Qxe4 Nxe4 24. Bc1 hxg3 25. hxg3 g4 26. Nc2 Rh8 27. Bb2 Kd7 28. Rfb1
0-1

[Event "Int. Stuttgarter Stadtmeisterschaft C"]
[Site "Ditzingen"]
[Date "2014.05.31"]
[Round "7.7"]
[White "Jelisavac, Nenad"]
[Black "Stecher, Oliver"]
[Result "1-0"]
[WhiteElo "1344"]
[BlackElo "1155"]
[PlyCount "39"]
[EventDate "2014.??.??"]
[BlackTeam "SSV Zuffenhausen"]

1. d4 d5 2. c4 Nf6 3. Nc3 e6 4. Bg5 Be7 5. e3 Nbd7 6. cxd5 exd5 7. Qc2 c6 8.
Bd3 Ng4 9. Bxe7 Qxe7 10. Bxh7 Nxe3 11. fxe3 Qh4+ 12. g3 Qxh7 13. Qxh7 Rxh7 14.
O-O-O Nf6 15. Re1 Bf5 16. h3 O-O-O 17. g4 Nxg4 18. hxg4 Rxh1 19. gxf5 Re8 20.
Kd2 1-0

[Event "Int. Stuttgarter Stadtmeisterschaft C"]
[Site "Ditzingen"]
[Date "2014.05.31"]
[Round "7.8"]
[White "Barna, Janos"]
[Black "Reichmann, Bernd"]
[Result "1/2-1/2"]
[WhiteElo "1252"]
[BlackElo "1128"]
[PlyCount "107"]
[EventDate "2014.??.??"]
[WhiteTeam "SC Leinfelden"]
[BlackTeam "SV Fellbach"]

1. e4 e5 2. Nf3 Nc6 3. d4 exd4 4. Nxd4 Nxd4 5. Qxd4 d6 6. Nc3 h6 7. Be3 Nf6 8.
e5 dxe5 9. Qxe5+ Be6 10. Rd1 Bd6 11. Qd4 a6 12. a3 O-O 13. Be2 Qc8 14. Qd2 Kh7
15. Qc1 Rd8 16. O-O Ng4 17. Bf4 Bxf4 18. Qxf4 Nf6 19. Rxd8 Qxd8 20. Rd1 Qe7 21.
Bf3 c6 22. Qe3 Rd8 23. Rxd8 Qxd8 24. h3 g6 25. Ne4 Nxe4 26. Qxe4 Bd5 27. Qf4
Be6 28. c4 Qd3 29. Kh2 Qxc4 30. Qxc4 Bxc4 31. b4 Kg7 32. Kg3 Kf6 33. Kf4 Bd3
34. a4 Bc2 35. a5 g5+ 36. Ke3 Ke5 37. g3 Bb3 38. h4 f6 39. hxg5 hxg5 40. Bg2
Bd5 41. Bh3 f5 42. f4+ gxf4+ 43. gxf4+ Kd6 44. Bxf5 c5 45. Kd3 cxb4 46. Kd4 b3
47. Bd3 Bf7 48. f5 Kc7 49. Kc5 Bh5 50. f6 b2 51. Kb4 b6 52. axb6+ Kxb6 53. Kb3
a5 54. Kxb2 1/2-1/2

[Event "Int. Stuttgarter Stadtmeisterschaft C"]
[Site "Ditzingen"]
[Date "2014.05.31"]
[Round "7.9"]
[White "Bouhadjer, Youcef"]
[Black "Malheur, Lothar"]
[Result "1-0"]
[WhiteElo "970"]
[BlackElo "1341"]
[PlyCount "45"]
[EventDate "2014.??.??"]
[WhiteTeam "SC Neckarsulm e.V."]
[BlackTeam "SF Birkenfeld"]

1. e4 c6 2. d4 d5 3. e5 Bf5 4. Bd3 Bxd3 5. Qxd3 e6 6. Nf3 Qb6 7. b3 Be7 8. O-O
Nd7 9. c4 Qa6 10. Nbd2 Nh6 11. h3 O-O 12. Nh2 Rfd8 13. Ndf3 dxc4 14. bxc4 Nf8
15. Bxh6 gxh6 16. Ng4 Ng6 17. Nxh6+ Kg7 18. Ng4 c5 19. Qd2 cxd4 20. Qh6+ Kh8
21. Nf6 Bxf6 22. exf6 Rg8 23. Ng5 1-0

[Event "Int. Stuttgarter Stadtmeisterschaft C"]
[Site "Ditzingen"]
[Date "2014.05.31"]
[Round "7.10"]
[White "Leutschaft, Jonathan"]
[Black "Froehlich, Franziska"]
[Result "0-1"]
[WhiteElo "962"]
[BlackElo "1237"]
[PlyCount "114"]
[EventDate "2014.??.??"]
[WhiteTeam "SF 59 Kornwestheim"]
[BlackTeam "SK e4 Gerlingen"]

1. e4 e6 2. d4 d5 3. exd5 exd5 4. Be3 Nf6 5. Bd3 Bd6 6. Nc3 O-O 7. Nge2 Be6 8.
Qd2 c6 9. O-O-O b5 10. a3 a5 11. a4 b4 12. Nb1 Nbd7 13. b3 Qc7 14. f4 Bg4 15.
h3 Bxe2 16. Qxe2 Bxf4 17. Bxf4 Qxf4+ 18. Qd2 Qc7 19. g4 c5 20. Bb5 c4 21. bxc4
dxc4 22. c3 b3 23. Na3 Nb6 24. Rde1 Nfd5 25. Rhf1 Rfc8 26. Kb2 Qg3 27. Rh1 Nf4
28. Re3 Nd3+ 29. Kb1 Qd6 30. Rxd3 Qxa3 31. Re3 Nxa4 32. Rh2 Nb6 33. d5 Qd6 34.
Bc6 Rab8 35. Rhe2 h6 36. h4 a4 37. g5 hxg5 38. hxg5 a3 39. Re4 Rd8 40. Rd4 Nd7
41. Rxc4 Ne5 42. Rh4 Nxc6 43. Reh2 Qg6+ 44. Ka1 b2+ 45. Qxb2 axb2+ 46. Rxb2
Rxb2 47. Kxb2 Rb8+ 48. Rb4 Nxb4 49. cxb4 Rxb4+ 50. Kc3 Qe4 51. d6 Qd4+ 52. Kc2
Qc5+ 53. Kd3 Rd4+ 54. Ke3 Qe5+ 55. Kf3 Rf4+ 56. Kg3 Qxg5+ 57. Kh3 Rh4# 0-1

[Event "Int. Stuttgarter Stadtmeisterschaft C"]
[Site "Ditzingen"]
[Date "2014.05.31"]
[Round "7.11"]
[White "St�ckler, Klaus J"]
[Black "Ustaosman, Hasan"]
[Result "0-1"]
[WhiteElo "1224"]
[BlackElo "1007"]
[PlyCount "130"]
[EventDate "2014.??.??"]
[WhiteTeam "SC Grunbach"]
[BlackTeam "TSG Steinheim"]

1. d4 f5 2. e3 e6 3. c4 Nf6 4. Nc3 a6 5. Bd3 Bb4 6. Bd2 O-O 7. Qb3 c5 8. d5
Bxc3 9. Bxc3 exd5 10. O-O-O Ne4 11. Bxe4 dxe4 12. f4 Nc6 13. a3 Rf7 14. h4 Qf8
15. h5 h6 16. Ne2 b5 17. cxb5 axb5 18. Be5 Nxe5 19. fxe5 c4 20. Qxb5 Ba6 21.
Qd5 c3 22. Nxc3 Bd3 23. Kd2 Rxa3 24. Qd6 Rb3 25. Qxf8+ Rxf8 26. Na4 Rb4 27. Ra1
Ra8 28. Rhc1 Rbxa4 29. Rc8+ Rxc8 30. Rxa4 Rc2+ 31. Kd1 Kf7 32. b4 Rc4 33. Ra7
Ke6 34. b5 Rb4 35. Ra6+ Kxe5 36. Ra7 Rxb5 37. Rxd7 Kf6 38. Rd6+ Kg5 39. Rd7
Kxh5 40. Rxg7 Kh4 41. Ke1 Rb2 42. Kd1 Re2 43. Rg6 h5 44. g3+ Kh3 45. Rg5 Rxe3
46. Rxf5 Kxg3 47. Rg5+ Kf4 48. Rg1 h4 49. Kd2 h3 50. Rg7 Rg3 51. Rf7+ Kg4 52.
Rg7+ Kf3 53. Rf7+ Kg2 54. Ke1 h2 55. Rf2+ Kh3 56. Rxh2+ Kxh2 57. Kd2 Bc4 58.
Ke1 e3 59. Kd1 Rg1+ 60. Kc2 e2 61. Kc3 Rc1+ 62. Kd4 e1=Q 63. Kc5 Qe5+ 64. Kb4
Qb5+ 65. Ka3 Ra1# 0-1

[Event "Int. Stuttgarter Stadtmeisterschaft C"]
[Site "Ditzingen"]
[Date "2014.05.31"]
[Round "7.13"]
[White "Friedl, Bastian"]
[Black "Hauger, Albrecht"]
[Result "1-0"]
[WhiteElo "994"]
[BlackElo "1060"]
[PlyCount "45"]
[EventDate "2014.??.??"]
[WhiteTeam "SF Freiberg"]
[BlackTeam "SC Magstadt"]

1. e4 c5 2. Bc4 e6 3. e5 d5 4. exd6 Qxd6 5. Nc3 a6 6. Qf3 Nf6 7. d3 Nc6 8. Bg5
Be7 9. Bxf6 Bxf6 10. Ne4 Qe5 11. O-O-O Qxb2+ 12. Kd2 Qe5 13. Ne2 Bg5+ 14. Ke1
b5 15. Nxg5 Qc7 16. Bb3 h6 17. Ne4 c4 18. dxc4 bxc4 19. Bxc4 Rb8 20. Nd6+ Kf8
21. Nxf7 Qxf7 22. Qxc6 Qb7 23. Qd6+ 1-0

[Event "Int. Stuttgarter Stadtmeisterschaft C"]
[Site "Ditzingen"]
[Date "2014.05.31"]
[Round "7.15"]
[White "Milarch, Harald"]
[Black "Hdya, Mohammad"]
[Result "1-0"]
[WhiteElo "1341"]
[BlackElo "928"]
[PlyCount "25"]
[EventDate "2014.??.??"]
[WhiteTeam "SC Schachmatt Botnang"]
[BlackTeam "SF Freiberg"]

1. e4 e6 2. d4 d5 3. exd5 exd5 4. Nc3 Nf6 5. Nf3 Nc6 6. Bd3 Bd6 7. Qe2+ Be7 8.
Bg5 O-O 9. O-O-O Bg4 10. h3 Nb4 11. hxg4 Nxd3+ 12. Qxd3 Nxg4 13. Qxh7# 1-0

[Event "Int. Stuttgarter Stadtmeisterschaft C"]
[Site "Ditzingen"]
[Date "2014.05.31"]
[Round "7.16"]
[White "Kobald, Pierre"]
[Black "Zacke, Tamara"]
[Result "0-1"]
[WhiteElo "999"]
[BlackElo "1143"]
[PlyCount "40"]
[EventDate "2014.??.??"]
[WhiteTeam "SV Stuttgart-Wolfbusch 1956 e.V."]
[BlackTeam "SV Stuttgart-Wolfbusch 1956 e.V."]

1. e4 e5 2. Nf3 Nc6 3. Bc4 Bc5 4. c3 Nf6 5. d4 exd4 6. cxd4 Bb4+ 7. Nc3 d5 8.
Bxd5 Nxd5 9. exd5 Qxd5 10. Bd2 Bxc3 11. bxc3 O-O 12. O-O Bg4 13. c4 Qf5 14. Nh4
Bxd1 15. Nxf5 Be2 16. Rfe1 Bd3 17. Ne3 Nxd4 18. Rad1 Rad8 19. Bc3 Ne2+ 20. Kh1
Nxc3 0-1

[Event "Int. Stuttgarter Stadtmeisterschaft C"]
[Site "Ditzingen"]
[Date "2014.05.31"]
[Round "7.17"]
[White "Aydin, Sami"]
[Black "Mei�ner, Mogens"]
[Result "0-1"]
[WhiteElo "932"]
[BlackElo "1049"]
[PlyCount "82"]
[EventDate "2014.??.??"]
[WhiteTeam "SF Freiberg"]
[BlackTeam "SK Bietigheim-Bissingen"]

1. d4 d5 2. c4 e6 3. Nc3 Nf6 4. Nf3 Nbd7 5. Bf4 c6 6. Ne5 Bd6 7. Nxd7 Qxd7 8.
Bxd6 Qxd6 9. c5 Qd8 10. e3 b6 11. cxb6 axb6 12. Bd3 Ba6 13. O-O Bxd3 14. Qxd3
O-O 15. Qd1 Qd6 16. Na4 Qb4 17. b3 b5 18. Nc5 Ra7 19. Qc2 Rc8 20. Nd3 Qd6 21.
Rfe1 h6 22. Rad1 Nd7 23. Qd2 c5 24. Rc1 Rcc7 25. Rc3 c4 26. bxc4 bxc4 27. Nf4
Ra3 28. Rxa3 Qxa3 29. Re2 c3 30. Qd3 Qc1+ 31. Re1 Qxe1+ 32. Qf1 Qxf1+ 33. Kxf1
c2 34. Ne2 c1=Q+ 35. Nxc1 Rxc1+ 36. Ke2 Ra1 37. Kf3 Rxa2 38. g4 Nf6 39. h4 Ne4
40. Kf4 Rxf2+ 41. Ke5 f6+ 0-1

[Event "Int. Stuttgarter Stadtmeisterschaft C"]
[Site "Ditzingen"]
[Date "2014.05.31"]
[Round "7.19"]
[White "Perez Berroth, Pablo"]
[Black "Hoffmann, Julian"]
[Result "1-0"]
[WhiteElo "867"]
[BlackElo "998"]
[PlyCount "91"]
[EventDate "2014.??.??"]
[WhiteTeam "SSV Zuffenhausen"]
[BlackTeam "Schach-Kids Bernhausen e.V."]

1. e4 e5 2. d4 exd4 3. Qxd4 Qf6 4. Qa4 Bc5 5. Be3 Bxe3 6. fxe3 Qxb2 7. Qd4 Qxd4
8. exd4 Nc6 9. Nf3 Nb4 10. Bd3 Nxd3+ 11. cxd3 Ne7 12. O-O d5 13. Nbd2 Bg4 14.
Rac1 O-O-O 15. Ne5 Be6 16. Nxf7 Bxf7 17. Rxf7 Rd7 18. Rxg7 dxe4 19. dxe4 Nc6
20. Rxd7 Kxd7 21. d5 Nd4 22. Kf1 Rf8+ 23. Ke1 Rg8 24. Rb1 b6 25. g3 h5 26. Kf2
Rf8+ 27. Kg2 Ne2 28. Rb3 Nd4 29. Rd3 Nc2 30. Rc3 Nd4 31. Kh3 Ne2 32. Re3 Nd4
33. Kh4 Nc2 34. Rf3 Rh8 35. Rf5 Nb4 36. Rxh5 Rxh5+ 37. Kxh5 Nxa2 38. g4 Ke8 39.
g5 a5 40. g6 Kf8 41. Kh6 Kg8 42. g7 Nc3 43. e5 Nxd5 44. Ne4 Nf4 45. Nf6+ Kf7
46. g8=Q+ 1-0

[Event "Int. Stuttgarter Stadtmeisterschaft C"]
[Site "Ditzingen"]
[Date "2014.05.31"]
[Round "7.20"]
[White "Reichardt, Felix  Alexander"]
[Black "Eid, Sami"]
[Result "0-1"]
[WhiteElo "768"]
[BlackElo "800"]
[PlyCount "146"]
[EventDate "2014.??.??"]
[WhiteTeam "Schachfreunde Markgräflerland e."]
[BlackTeam "SF Freiberg"]

1. Nf3 Nc6 2. c4 e5 3. Nc3 Nd4 4. Nxd4 exd4 5. Nb5 Bc5 6. e3 dxe3 7. fxe3 a6 8.
d4 Bb4+ 9. Bd2 Bxd2+ 10. Qxd2 axb5 11. cxb5 d5 12. g3 Bd7 13. a4 c6 14. Ra3
cxb5 15. axb5 Rxa3 16. bxa3 Nf6 17. a4 Ne4 18. Qb4 Qf6 19. Qb2 Qg5 20. Qe2 O-O
21. Bg2 Bg4 22. Qd3 Re8 23. O-O Bf5 24. Bxe4 Rxe4 25. Rf3 Bg4 26. Rf4 Rxf4 27.
gxf4 Be2+ 28. Kf2 Bxd3 29. fxg5 Bc2 30. a5 Bd3 31. b6 h6 32. gxh6 gxh6 33. Ke1
Ba6 34. Kd2 Kg7 35. Kc3 Kg6 36. Kb4 Kf5 37. Kc5 Ke4 38. h4 Kxe3 39. Kxd5 f5 40.
Ke5 f4 41. d5 f3 42. d6 f2 43. d7 f1=Q 44. d8=Q Qa1+ 45. Kd6 Qd4+ 46. Kc7 Qxd8+
47. Kxd8 Kf4 48. Ke7 Kg4 49. Kf6 Kxh4 50. Kg6 Kg4 51. Kxh6 Kf5 52. Kg7 Ke6 53.
Kf8 Kd7 54. Kf7 Kc6 55. Ke7 Kb5 56. Kd6 Kxa5 57. Kc5 Bb5 58. Kd4 Kxb6 59. Kc3
Ka5 60. Kb3 Bd3 61. Kc3 Bf5 62. Kb3 b5 63. Kc3 Be6 64. Kb2 Ka4 65. Ka1 Bf5 66.
Kb2 b4 67. Ka2 b3+ 68. Kb2 Bc2 69. Ka1 Bd1 70. Kb2 Bg4 71. Kb1 Ka3 72. Ka1 b2+
73. Kb1 Bf5# 0-1

[Event "Int. Stuttgarter Stadtmeisterschaft C"]
[Site "Ditzingen"]
[Date "2014.05.31"]
[Round "7.21"]
[White "Pillin, Josef"]
[Black "Kappler, Roswitha"]
[Result "1-0"]
[WhiteElo "786"]
[BlackElo "764"]
[PlyCount "27"]
[EventDate "2014.??.??"]
[WhiteTeam "SSV Zuffenhausen"]
[BlackTeam "SG Fasanenhof"]

1. e4 e5 2. Nf3 Nc6 3. Bc4 Nf6 4. d3 Bd6 5. Nc3 O-O 6. O-O a6 7. Bg5 Qe8 8.
Bxf6 gxf6 9. Nd5 b5 10. Nxf6+ Kh8 11. Nxe8 Rxe8 12. Bxf7 Re7 13. Ng5 Bb7 14.
Qh5 1-0